[Event "ICS rated blitz match"]
[Site "204.178.125.65"]
[Date "1999.11.22"]
[Round "?"]
[White "Ghostn"]
[Black "Hossa"]
[Result "1-0"]
[WhiteElo "2807"]
[BlackElo "2349"]
[Annotator "Hiarcs 7.32 (22s)"]
[PlyCount "89"]
[EventDate "1999.??.??"]

1. e4 e5 2. Nf3 Nc6 3. c3 Nf6 4. d4 Nxe4 5. d5 Bc5 6. dxc6 6... Nxf2 $146 (6...
Bxf2+ 7. Ke2 bxc6 (7... d5 8. Nbd2 Nxd2 9. Qxd2 Bb6 10. cxb7 Bxb7 11. Qg5 O-O
12. Qxd8 Raxd8 13. a4 c5 14. a5 Bc7 15. Kf2 e4 16. Be3 Bd6 17. b4 cxb4 18. Nd4
bxc3 19. Rc1 f5 20. Ne6 Be5 21. Bd4 Bc8 22. Bxe5 {
Wiemer,P-Heinz,J/BL2-O 1992/BL2/1/2-1/2 (46)}) 8. Qd3 (8. Qa4 f5 (8... d5 9.
Qxc6+ Kf8 10. Nbd2 Nxd2 11. Bxd2 Bb6 12. Ke1 Rb8 13. Be2 e4 14. Nd4 Bb7 15. Qa4
c5 16. Nf5 Bc8 17. Rf1 Bd7 18. Qa3 Qf6 19. Bf4 Rd8 20. Bd6+ Ke8 21. Be7 Qe5 22.
Bxd8 Kxd8 23. Ne3 {Feller,J-Righi,E/Novi Sad olm 1990/TD 90\06/1-0 (34)}) 9.
Nbd2 O-O 10. Nxe4 fxe4 11. Qxe4 Bb6 12. Kd2 d6 13. Bd3 Bf5 14. Qxc6 Qf6 15.
Bxf5 Qxf5 16. Re1 Qg4 17. Re2 Rae8 18. Qe4 Rf4 19. Qd5+ Kh8 20. Ke1 Rff8 21.
Qe4 Qd7 22. Ng5 g6 23. Be3 d5 24. Rd1 d4 25. cxd4 Ba5+ 26. Bd2 exd4 27. Ne6 Rf6
28. Nc5 Ref8 29. Bxa5 Qb5 30. Qxd4 {
1-0 Hector,J-Sandstrom,L/Copenhagen op 1991/TD 91\06 (30)}) 8... d5 9. Nbd2 Bf5
10. Nxe4 Bxe4 11. Qa6 Bb6 12. Be3 O-O 13. Re1 d4 14. cxd4 exd4 15. Bc1 Qd5 16.
Kd1 d3 17. Rxe4 Qxe4 18. Bxd3 Qg4 19. Re1 Qxg2 20. Be4 f5 21. Qc4+ {
Neumann,E-Braeuning,R/OLWuert 1987/GER 01/1-0 (33)}) 7. Qd5 Nxh1 8. Qxc5 e4 9.
Ng5 dxc6 10. Qe5+ Kf8 11. Be3 h6 12. Nxe4 Qd5 13. Qf4 Bf5 14. Nbd2 Re8 15. g4
Bxe4 16. Bc4 Qd7 17. Nxe4 b6 18. Rd1 Qe7 19. Ke2 f6 20. Kf3 Qe5 21. Rxh1 h5 22.
g5 Ke7 23. gxf6+ gxf6 24. Qxe5+ fxe5 25. Bg5+ Kf8 26. Bf6 Rh7 27. Rg1 Rf7 28.
Bxf7 Kxf7 29. Rg7+ Ke6 30. Rxc7 Kd5 31. Rxa7 c5 32. c4+ Kc6 33. Rh7 Rf8 34.
Rxh5 Ra8 35. Bxe5 Ra4 36. b3 Ra5 37. Rh7 b5 38. Rh6+ Kd7 39. Nxc5+ Ke7 40. Rh7+
Ke8 41. Bd6 Ra6 42. Nxa6 Kd8 43. Nc5 Ke8 44. Ne6 bxc4 45. Re7# 1-0

[Event "ICS rated standard match"]
[Site "204.178.125.65"]
[Date "1999.11.22"]
[Round "?"]
[White "netpi"]
[Black "Hossa"]
[Result "1-0"]
[WhiteElo "2463"]
[BlackElo "2297"]
[PlyCount "177"]
[EventDate "1999.??.??"]

1. e4 e5 2. Nf3 d6 3. Bb5+ c6 4. Be2 d5 5. d4 exd4 6. Qxd4 Nf6 7. Nc3 Be7 8. e5
Nfd7 9. Be3 O-O 10. O-O f6 11. exf6 Nxf6 12. Rad1 Bf5 13. Qd2 Bb4 14. Bd3 Bg4
15. a3 Bxc3 16. Qxc3 Bxf3 17. gxf3 Qc7 18. Bf5 Qf7 19. Bc5 Re8 20. Rfe1 Nbd7
21. Bd6 Nb6 22. b3 Rad8 23. Qb4 Nc8 24. Bg3 Kh8 25. c4 Nb6 26. c5 Na8 27. Bd6
Ng8 28. Bg4 h5 29. Bh3 Qxf3 30. Bg2 Qf7 31. Qa5 a6 32. Qb4 Nh6 33. Bh3 Kg8 34.
Be5 Rf8 35. Qd2 Qg6+ 36. Bg2 h4 37. h3 Nf7 38. Bf4 Rfe8 39. Qb4 Qf5 40. Be3 Ne5
41. Bd4 Rb8 42. Qc3 Nd7 43. Bxg7 Nxc5 44. Be5 Rbd8 45. Rd4 Ne6 46. Rxh4 Ng5 47.
Rf4 Rxe5 48. Qxe5 Qxe5 49. Rxe5 Nf7 50. Re7 Nd6 51. Bf3 Re8 52. Rd7 Nb5 53. Bh5
Rc8 54. Rg4+ Kh8 55. Bg6 Rc7 56. Rd8+ Kg7 57. Bd3+ Kf7 58. Rxa8 Nxa3 59. Rh8
Re7 60. Rh7+ Kf8 61. Rf4+ Ke8 62. Bg6+ Kd7 63. Rxe7+ Kxe7 64. Rf7+ Ke6 65. Rxb7
Nb5 66. Rb6 Nd4 67. b4 Nf3+ 68. Kf1 Kd6 69. Rxa6 Kc7 70. Be8 Nd4 71. h4 Kb7 72.
Rxc6 Nxc6 73. Bxc6+ Kxc6 74. h5 d4 75. Ke2 Kd6 76. h6 Ke5 77. h7 Ke4 78. h8=Q
d3+ 79. Kd2 Kd5 80. Qd8+ Ke5 81. Qxd3 Ke6 82. b5 Ke7 83. Qd5 Kf6 84. b6 Ke7 85.
Qc6 Kf7 86. b7 Kg7 87. b8=Q Kf7 88. Qa7+ Kf8 89. Qca8# {Hossa checkmated} 1-0

[Event "ICS rated blitz match"]
[Site "204.178.125.65"]
[Date "1999.11.22"]
[Round "?"]
[White "Hossa"]
[Black "StrongBach"]
[Result "1-0"]
[WhiteElo "2347"]
[BlackElo "1877"]
[PlyCount "47"]
[EventDate "1999.??.??"]

1. e4 e5 2. Nf3 Bd6 3. Nc3 Qe7 4. Nd5 Qe6 5. Bc4 Qg6 6. d3 c6 7. Nh4 Qe6 8.
Nc7+ Bxc7 9. Bxe6 dxe6 10. Be3 Nf6 11. O-O Bd7 12. f4 O-O 13. fxe5 Bxe5 14. c3
Rc8 15. Bd4 Bxd4+ 16. cxd4 Rd8 17. Qd2 h6 18. Rxf6 gxf6 19. Qxh6 a5 20. Qxf6
Re8 21. Rf1 Rf8 22. Qg5+ Kh8 23. Rf6 Rg8 24. Qh6# {StrongBach checkmated} 1-0

[Event "ICS rated blitz match"]
[Site "204.178.125.65"]
[Date "1999.11.22"]
[Round "?"]
[White "Hossa"]
[Black "Zippy"]
[Result "1/2-1/2"]
[WhiteElo "2349"]
[BlackElo "2264"]
[PlyCount "109"]
[EventDate "1999.??.??"]

1. e4 e5 2. Nf3 Nc6 3. c3 d5 4. Qa4 Nf6 5. Nxe5 Bd6 6. Nxc6 bxc6 7. exd5 O-O 8.
dxc6 Qe8+ 9. Be2 Bb7 10. f3 a6 11. d4 Bxc6 12. Qd1 Nd5 13. c4 Ne3 14. Bxe3 Qxe3
15. d5 Bc5 16. Rf1 Bd7 17. Nc3 Rab8 18. Qc2 Bf5 19. Ne4 Qd4 20. Qd1 Bb4+ 21.
Nc3 Bxc3+ 22. bxc3 Qxc3+ 23. Kf2 Rb2 24. Re1 Re8 25. Rc1 Qa3 26. Kg3 Qe3 27. a3
Re4 28. h3 Rd4 29. Qa4 Bd3 30. Qc6 Qe5+ 31. Kf2 Rxe2+ 32. Rxe2 Qxe2+ 33. Kg3 g6
34. Qxc7 Bxc4 35. Rc2 Qe1+ 36. Kh2 Bxd5 37. Qb8+ Kg7 38. Qa7 Qe5+ 39. g3 Qe3
40. Qb8 Rd2+ 41. Rxd2 Qxd2+ 42. Kg1 Qd1+ 43. Kf2 Qxf3+ 44. Ke1 Qe3+ 45. Kd1
Bb3+ 46. Qxb3 Qxb3+ 47. Ke2 Qxg3 48. h4 Kf6 49. Kd2 Qxa3 50. h5 gxh5 51. Ke2 a5
52. Kf2 a4 53. Ke2 Qg3 54. Kd2 Qd6+ 55. Kc3 {
Zippy ran out of time and Hossa has no material to mate} 1/2-1/2

[Event "ICS rated blitz match"]
[Site "204.178.125.65"]
[Date "1999.11.22"]
[Round "?"]
[White "Zippy"]
[Black "Hossa"]
[Result "1-0"]
[WhiteElo "2268"]
[BlackElo "2345"]
[PlyCount "167"]
[EventDate "1999.??.??"]

1. e4 e5 2. Bc4 Bc5 3. Nc3 Nf6 4. d3 O-O 5. Na4 Bb4+ 6. c3 Be7 7. Bg5 c6 8. Nf3
b5 9. Nxe5 bxc4 10. Nxc4 d5 11. Ne3 dxe4 12. Bxf6 Bxf6 13. dxe4 Qxd1+ 14. Rxd1
Re8 15. f3 Be6 16. b3 Nd7 17. O-O Nb6 18. Nc5 Bxc3 19. Rd3 Bf6 20. Nxe6 Rxe6
21. Rfd1 a5 22. Nf5 c5 23. Rc1 g6 24. Nh6+ Kg7 25. Ng4 Bd4+ 26. Kf1 f5 27. Nf2
Rae8 28. Rdd1 Bxf2 29. Kxf2 fxe4 30. Rxc5 e3+ 31. Ke2 Re5 32. Rc7+ Kh6 33. Rd4
Rh5 34. h3 Nd5 35. Rcc4 Rg5 36. g4 Nb6 37. Rc6 Rb5 38. Re4 Rf8 39. Kxe3 Nd5+
40. Kf2 Nb4 41. Rc7 Rc5 42. Rxc5 Nd3+ 43. Ke3 Nxc5 44. Re5 Nb7 45. f4 Rf7 46.
h4 Kg7 47. h5 Kf6 48. g5+ Kg7 49. h6+ Kg8 50. Re8+ Rf8 51. Re5 Rd8 52. f5 gxf5
53. Rxf5 Re8+ 54. Kf4 Re7 55. Kf3 Rf7 56. Kg4 Rxf5 57. Kxf5 Kf7 58. a3 Nd6+ 59.
Ke5 Nb5 60. a4 Nc3 61. Kd4 Ne2+ 62. Kc4 Kg6 63. b4 axb4 64. a5 Nf4 65. a6 Ne6
66. Kxb4 Kxg5 67. a7 Nc7 68. Kc5 Kxh6 69. Kb6 Nd5+ 70. Kc6 Ne7+ 71. Kc5 Kg5 72.
a8=Q h5 73. Qd8 Kf6 74. Kd6 Kg5 75. Qxe7+ Kf4 76. Qh4+ Kf3 77. Qxh5+ Ke4 78.
Qe5+ Kf3 79. Kd5 Kf2 80. Ke4 Kg2 81. Qf4 Kh1 82. Kf3 Kg1 83. Kg3 Kh1 84. Qf1# {
Hossa checkmated} 1-0

[Event "ICS rated blitz match"]
[Site "204.178.125.65"]
[Date "1999.11.22"]
[Round "?"]
[White "MissSilicon"]
[Black "Hossa"]
[Result "1-0"]
[WhiteElo "2636"]
[BlackElo "2326"]
[PlyCount "81"]
[EventDate "1999.??.??"]

1. Nf3 d5 2. c4 e6 3. g3 Nf6 4. Bg2 dxc4 5. Qa4+ Nbd7 6. O-O Be7 7. Qxc4 e5 8.
d3 O-O 9. Nc3 c5 10. Qb3 Qb6 11. Qxb6 axb6 12. e4 Rd8 13. Bh3 Bd6 14. Bg5 h6
15. Be3 Bc7 16. Nb5 Bb8 17. Nd2 Nf8 18. Bxc8 Rxc8 19. Nc4 Rd8 20. Nxb6 Ra6 21.
Bxc5 Ne6 22. b4 Rxd3 23. f3 Kh8 24. a4 Rd2 25. Rad1 Ra2 26. Rf2 Rxf2 27. Bxf2
Nd4 28. Bxd4 exd4 29. a5 g6 30. Rxd4 Kg7 31. Rd8 Ba7 32. Nxa7 Rxa7 33. Nc4 g5
34. Nd6 g4 35. e5 Nh7 36. Nf5+ Kg6 37. Ne7+ Kh5 38. Rg8 Ng5 39. Nd5 Nxf3+ 40.
Kh1 Nxe5 41. Nf6# {Hossa checkmated} 1-0

[Event "ICS Unrated blitz match"]
[Site "204.178.125.65"]
[Date "1999.11.22"]
[Round "?"]
[White "Hossa"]
[Black "Moron"]
[Result "0-1"]
[WhiteElo "2321"]
[BlackElo "2794"]
[PlyCount "116"]
[EventDate "1999.??.??"]

1. Nf3 d5 2. c4 e6 3. g3 Nf6 4. Bg2 Be7 5. cxd5 exd5 6. O-O O-O 7. d4 c6 8. Nc3
Bf5 9. Bg5 h6 10. Bf4 Nbd7 11. Qb3 Qb6 12. Qxb6 axb6 13. e3 g5 14. Be5 Ne8 15.
Nd2 f6 16. Nxd5 cxd5 17. Bxd5+ Kg7 18. g4 Bd3 19. Bg3 Bxf1 20. Nxf1 Bd6 21. f4
Ra7 22. Bb3 Nb8 23. Be6 gxf4 24. exf4 Nc6 25. Rd1 Nc7 26. Bc4 f5 27. gxf5 Ra4
28. Ne3 b5 29. Bf1 Rxa2 30. Rd2 Ra4 31. d5 Ne7 32. b3 Rb4 33. Rd3 Nxf5 34. Nc2
Re4 35. Bg2 Re2 36. Rc3 Ra8 37. Bf1 Nxd5 38. Bxe2 Nxc3 39. Bd3 Kf6 40. Kg2 Nb1
41. Kh3 Nd2 42. Bxb5 Rc8 43. Ne1 Rc3 44. Bd3 Nxb3 45. Kg4 Nxg3 46. hxg3 Nc5 47.
Bb5 Ne4 48. Nd3 Bc7 49. Kh5 Nxg3+ 50. Kg4 Ne4 51. Kh5 Nd6 52. Ba6 bxa6 53. Nb4
Kf5 54. Kxh6 Ne8 55. Nd3 Bd6 56. Kh7 Nf6+ 57. Kh8 Rc7 58. Nc5 58... Rh7# {
Hossa checkmated} 0-1

[Event "ICS Unrated blitz match"]
[Site "204.178.125.65"]
[Date "1999.11.22"]
[Round "?"]
[White "Moron"]
[Black "Hossa"]
[Result "1-0"]
[WhiteElo "2794"]
[BlackElo "2321"]
[PlyCount "105"]
[EventDate "1999.??.??"]

1. d4 Nf6 2. c4 e6 3. Nf3 c5 4. d5 exd5 5. cxd5 Qa5+ 6. Bd2 Qb6 7. Nc3 Be7 8.
e4 d6 9. Bb5+ Bd7 10. Bxd7+ Nbxd7 11. O-O O-O 12. Nh4 Qxb2 13. Rb1 Qa3 14. Nf5
Rfe8 15. Rxb7 Bf8 16. f3 Qa6 17. Qb3 Nb6 18. Rc7 Rab8 19. Qd1 Nc4 20. Rc6 Qa3
21. Qe2 Nxd2 22. Qxd2 Rb2 23. Qc1 Rd8 24. Rf2 Rb3 25. Qxa3 Rxa3 26. Nb5 Rd3 27.
Nfxd6 Rd1+ 28. Rf1 Rd2 29. a4 Ra8 30. Rc1 Ra2 31. Ra6 Nd7 32. Nc4 Rb8 33. Nc3
Rab2 34. Nxb2 Rxb2 35. Rxa7 Ne5 36. Ra8 f6 37. Rb1 Rc2 38. f4 Nd3 39. d6 Nxf4
40. d7 Ne6 41. Rb6 Rc1+ 42. Kf2 Rc2+ 43. Ke1 Kf7 44. Rxe6 Rxc3 45. d8=Q Kg6 46.
Qxf8 Rc1+ 47. Ke2 Rc2+ 48. Kf3 Rd2 49. Ra7 Kh5 50. Qxg7 Rf2+ 51. Kxf2 h6 52.
Rxf6 c4 53. Rxh6# {Hossa checkmated} 1-0

[Event "ICS unrated blitz match"]
[Site "204.178.125.65"]
[Date "1999.11.22"]
[Round "?"]
[White "Hossa"]
[Black "Moron"]
[Result "0-1"]
[WhiteElo "2321"]
[BlackElo "2794"]
[PlyCount "60"]
[EventDate "1999.??.??"]

1. d4 d5 2. g3 Nf6 3. Bg2 c6 4. Nd2 Bf5 5. Ngf3 h6 6. c4 e6 7. Qb3 Qc7 8. Nf1
dxc4 9. Qxc4 Nbd7 10. Ne3 Nb6 11. Qb3 Be4 12. O-O Rd8 13. Rd1 Qd6 14. Qc3 Qc7
15. Qa5 Bd6 16. Bd2 Be7 17. Rac1 O-O 18. Bc3 Kh8 19. b3 Qb8 20. Ba1 Nbd5 21.
Rf1 Bb4 22. Qxd8 Qxd8 23. Nc4 Qe7 24. Nce5 Ba3 25. Rcd1 Nb4 26. Rd2 Nc2 27. Bc3
Nd5 28. Ba5 Bd6 29. Ng5 Bxg2 30. Ngxf7+ 30... Kh7 {Hossa resigns} 0-1

[Event "ICS Unrated blitz match"]
[Site "204.178.125.65"]
[Date "1999.11.22"]
[Round "?"]
[White "Moron"]
[Black "Hossa"]
[Result "1-0"]
[WhiteElo "2794"]
[BlackElo "2321"]
[PlyCount "129"]
[EventDate "1999.??.??"]

1. e4 e5 2. Nf3 Nc6 3. Bb5 a6 4. Ba4 Nf6 5. O-O Be7 6. Re1 b5 7. Bb3 d6 8. c3
O-O 9. h3 Na5 10. Bc2 c5 11. d4 Qc7 12. Nbd2 cxd4 13. cxd4 Nc6 14. d5 Nb4 15.
Bb1 a5 16. Nf1 Bd7 17. a3 Na6 18. Be3 Nc5 19. Ng3 Rac8 20. Bc2 b4 21. Bxc5 Qxc5
22. Ba4 Rfd8 23. Bxd7 Nxd7 24. Nf5 Bf8 25. axb4 Qxb4 26. Ra4 Qxb2 27. Rxa5 Rc7
28. Ra1 Qc2 29. Qxc2 Rxc2 30. Ne3 Rc7 31. Ra3 Rdc8 32. Rea1 Nf6 33. Nd2 Rb7 34.
Ra8 Rxa8 35. Rxa8 g6 36. Nec4 Rd7 37. f3 h5 38. Na5 Kg7 39. Ndc4 Nh7 40. Nc6 f5
41. Nd8 Be7 42. Ne6+ Kf7 43. f4 Bf6 44. exf5 gxf5 45. Ra6 e4 46. Nxd6+ Kg6 47.
Kf2 Bh4+ 48. Ke3 Bf6 49. Nd4 Bxd4+ 50. Kxd4 Nf6 51. Ne8 Rf7 52. Rc6 h4 53. Nxf6
Rxf6 54. d6 Kg7 55. Rc7+ Kg6 56. d7 Rd6+ 57. Ke5 Rd2 58. Rc6+ Kg7 59. Rd6 Rxd6
60. Kxd6 Kg6 61. Ke6 Kg7 62. d8=Q e3 63. Qg5+ Kh8 64. Kf6 e2 65. Qg7# {
Hossa checkmated} 1-0

[Event "ICS Rated standard match"]
[Site "204.178.125.65"]
[Date "1999.11.22"]
[Round "?"]
[White "Hossa"]
[Black "Moron"]
[Result "0-1"]
[WhiteElo "2284"]
[BlackElo "2657"]
[Annotator "Steffen A. Jakob"]
[PlyCount "46"]
[EventDate "1999.??.??"]

1. e4 c6 2. Bc4 d5 3. Bb3 dxe4 4. Qh5 g6 5. Qh4 f5 6. f3 Nf6 7. Nc3 (7. fxe4
Nxe4 8. Nf3 e5 9. Bf7+ Kd7 10. Nxe5+ Kc7 11. Qxd8+ 11... Kxd8 $16) 7... e5 8.
fxe4 Nxe4 9. Qxd8+ Kxd8 10. Nxe4 fxe4 11. Ne2 Be7 12. Ng3 Bh4 13. O-O Bxg3 14.
hxg3 Bf5 15. Kf2 Nd7 16. Ke3 Kc7 17. g4 Bxg4 18. Rh1 Raf8 19. Rh4 Rf4 20. a4 h5
21. Ba2 Rhf8 22. b3 g5 23. d4 23... gxh4 {Hossa resigns} 0-1

[Event "ICS unrated blitz match"]
[Site "204.178.125.65"]
[Date "1999.11.22"]
[Round "?"]
[White "Hossa"]
[Black "Moron"]
[Result "0-1"]
[WhiteElo "2319"]
[BlackElo "2762"]
[Annotator " (22s)"]
[PlyCount "128"]
[EventDate "1999.??.??"]

1. d4 Nf6 2. c4 c5 3. dxc5 e6 4. Be3 Na6 (4... Qc7 5. Nc3 Bxc5 6. Bxc5 Qxc5 7.
e3 O-O 8. Nf3 a6 9. Be2 Qc7 10. O-O d6 11. Rc1 b6 12. Qd4 Rd8 13. Qh4 Nbd7 14.
Rfd1 Bb7 15. Qg3 Nc5 16. Nd2 Rac8 17. b4 Ncd7 18. Nb3 Ne5 19. Nd2 {
Bogdanovich,G-Mainka,R/Schwaebisch Gmuend op 1995/EXP 45/0-1 (36)}) 5. Nc3 Nxc5
6. Bd4 $146 (6. Nf3 Nce4 7. Nxe4 Nxe4 8. Qd4 Qa5+ 9. Nd2 f5 10. Qd3 Be7 11. f3
Nc5 12. Qc2 Bf6 13. Rb1 d6 14. b4 Qa4 15. Kd1 Qxc2+ 16. Kxc2 Nd7 17. Bf4 e5 18.
Bg3 a5 19. b5 Bd8 20. e4 20... f4 {
Bogdanovich,G-Jakobsen,O/Copenhagen op 1991/TD 91\06/1/2-1/2 (37)}) 6... Nce4
7. Nxe4 Nxe4 8. Qa4 b6 9. e3 Bb7 10. Nf3 f6 11. Bd3 Qc7 12. O-O e5 13. Bxe4
Bxe4 14. Bc3 Qc6 15. Qxc6 Bxc6 16. Nd2 h5 17. e4 h4 18. h3 Kf7 19. Rfd1 a5 20.
Kf1 b5 21. cxb5 Bxb5+ 22. Ke1 Bb4 23. Bxb4 axb4 24. Nb3 Rhc8 25. Rd5 Bc6 26.
Rdd1 Bxe4 27. Rxd7+ Kf8 28. f3 Bf5 29. Rd2 Ke7 30. Nc1 g5 31. Nd3 Rc4 32. Ke2
Ke6 33. a4 Ra5 34. b3 Rc3 35. Nxb4 Rxb3 36. Nd3 Bg6 37. Raa2 Rc3 38. Ra1 Be8
39. Rda2 Rc4 40. Kf1 Kf5 41. Kg1 Rcxa4 42. Rxa4 Rxa4 43. Rxa4 Bxa4 44. Kf2 Bc6
45. Nb4 Bb7 46. Nd3 e4 47. Nc5 Bc6 48. fxe4+ Bxe4 49. Kg1 Ke5 50. Nxe4 Kxe4 51.
Kh2 Kf4 52. Kg1 Kg3 53. Kf1 g4 54. Ke2 Kxg2 55. Ke3 gxh3 56. Ke4 h2 57. Kd4
h1=Q 58. Kc5 Qc1+ 59. Kd6 h3 60. Ke6 h2 61. Kf7 h1=Q 62. Ke7 Qh7+ 63. Kd6 Kf3
64. Kd5 Qd7# 0-1

[Event "ICS Unrated blitz match"]
[Site "204.178.125.65"]
[Date "1999.11.22"]
[Round "?"]
[White "Moron"]
[Black "Hossa"]
[Result "1-0"]
[WhiteElo "2762"]
[BlackElo "2319"]
[PlyCount "111"]
[EventDate "1999.??.??"]

1. c4 e5 2. Nc3 Nc6 3. g3 Nf6 4. Bg2 Bc5 5. e3 O-O 6. Nge2 Bb4 7. Qa4 a5 8. Nd5
Bc5 9. O-O Nxd5 10. cxd5 Nb4 11. d4 exd4 12. a3 Nd3 13. exd4 Nxc1 14. Raxc1 Be7
15. Qc2 Re8 16. Qxc7 Qxc7 17. Rxc7 Bd6 18. Rc2 b6 19. Nc3 Ba6 20. Rfc1 Rad8 21.
Na4 Rb8 22. Bh3 Red8 23. Bf1 Bxf1 24. Kxf1 f5 25. Ke2 b5 26. Nc5 Kf7 27. Kd3 g5
28. f3 Kg6 29. Re1 h5 30. Rce2 a4 31. Rf1 Kg7 32. Re3 Kh6 33. Rfe1 h4 34. gxh4
gxh4 35. R3e2 h3 36. Rg1 Rb6 37. f4 Bxf4 38. Rf2 Bb8 39. Ne6 Rxe6 40. dxe6 dxe6
41. Rf3 Rxd4+ 42. Kxd4 Ba7+ 43. Ke5 Bxg1 44. Rxh3+ Kg5 45. Rg3+ Kh4 46. Rxg1
Kh3 47. Rf1 Kg2 48. Rf4 Kxh2 49. Kxe6 Kg3 50. Kxf5 Kg2 51. Kg4 b4 52. axb4 a3
53. bxa3 Kh2 54. Kf3 Kh3 55. Kf2 Kh2 56. Rh4# {Hossa checkmated} 1-0

[Event "ICS Rated blitz match"]
[Site "204.178.125.65"]
[Date "1999.11.22"]
[Round "?"]
[White "Hossa"]
[Black "PostModernist"]
[Result "1/2-1/2"]
[WhiteElo "2319"]
[BlackElo "2530"]
[PlyCount "120"]
[EventDate "1999.??.??"]

1. d4 Nf6 2. c4 e6 3. Nf3 Bb4+ 4. Nbd2 b6 5. a3 Bxd2+ 6. Bxd2 Bb7 7. e3 d6 8.
Be2 O-O 9. O-O Ne4 10. Be1 Nd7 11. Bd3 Qe7 12. Qc2 f5 13. Nd2 Nxd2 14. Bxd2 c5
15. Rfe1 Qh4 16. Bc3 Rf6 17. Qa4 Rg6 18. d5 Bxd5 19. e4 Rxg2+ 20. Kxg2 Qg4+ 21.
Kh1 Qf3+ 22. Kg1 Qg4+ 23. Kf1 Qh3+ 24. Ke2 fxe4 25. Bb1 Qf3+ 26. Kd2 Bc6 27.
Qd1 Qxf2+ 28. Kc1 Qxh2 29. Bxe4 Bxe4 30. Rxe4 Rf8 31. Kb1 Re8 32. Qf3 e5 33.
Rg4 Qh6 34. Kc2 Qe6 35. Rag1 g6 36. Qb7 a5 37. Rh4 Rf8 38. Rgh1 h5 39. Qg2 Qf5+
40. Kc1 Kh7 41. Bd2 Rf6 42. Bg5 Rf8 43. a4 Qf2 44. Qc6 Qf5 45. Be7 Rf7 46. Qxd6
e4 47. Bd8 e3 48. Qd1 Kg8 49. Qe2 Qe5 50. Qd3 e2 51. Re1 Rf1 52. Rxf1 exf1=Q+
53. Qxf1 Kh8 54. Qf7 Qe1+ 55. Kc2 Qe2+ 56. Kb3 Qd1+ 57. Ka3 Qa1+ 58. Kb3 Qd1+
59. Ka3 Qa1+ 60. Kb3 60... Qd1+ {Game drawn by repetition} 1/2-1/2

[Event "ICS rated blitz match"]
[Site "204.178.125.65"]
[Date "1999.11.22"]
[Round "?"]
[White "Hossa"]
[Black "PostModernist"]
[Result "0-1"]
[WhiteElo "2329"]
[BlackElo "2478"]
[PlyCount "56"]
[EventDate "1999.??.??"]

1. e4 g6 2. d4 d6 3. Nf3 Nf6 4. Bd3 Bg7 5. Bf4 Nc6 6. c3 O-O 7. O-O Bg4 8. h3
Bxf3 9. Qxf3 e5 10. d5 exf4 11. dxc6 bxc6 12. Qxf4 Rb8 13. b3 d5 14. exd5 Re8
15. Qa4 Qxd5 16. Rd1 Qh5 17. Rc1 Rbd8 18. Qa6 Nd5 19. Bf1 Bh6 20. g4 Qh4 21.
Rc2 Re1 22. a4 Qxh3 23. f4 Bxf4 24. Qd3 Qxd3 25. Rf2 Rxf1+ 26. Kg2 Ne3+ 27. Kh3
Rh1+ 28. Rh2 28... Rxh2# {Hossa checkmated} 0-1

[Event "ICS rated standard match"]
[Site "204.178.125.65"]
[Date "1999.11.22"]
[Round "?"]
[White "Hossa"]
[Black "Beadle"]
[Result "1-0"]
[WhiteElo "2281"]
[BlackElo "2355"]
[PlyCount "143"]
[EventDate "1999.??.??"]

1. d4 Nf6 2. c4 e6 3. Nf3 d5 4. Nc3 Be7 5. Bg5 O-O 6. e3 h6 7. Bh4 Ne4 8. Bxe7
Qxe7 9. Qb3 Nxc3 10. Qxc3 Nc6 11. Rc1 Bd7 12. cxd5 exd5 13. Qb3 Qe6 14. Bd3 b6
15. O-O Qd6 16. Qc3 Rac8 17. Ba6 Rce8 18. Bb5 Re6 19. Rfe1 f6 20. Nh4 Rf7 21.
Bd3 Nb4 22. Bg6 Nxa2 23. Bxf7+ Kxf7 24. Nf5 Nxc3 25. Nxd6+ cxd6 26. Rxc3 Re7
27. Ra1 Bb5 28. Rd1 g6 29. Rc8 Ke6 30. Rdc1 Bc4 31. Rh8 h5 32. Rb8 Kf5 33. Rc3
Rd7 34. f3 Re7 35. h4 Ke6 36. Kf2 Rd7 37. Ke1 Re7 38. g3 Kf5 39. b3 Ba6 40. Rd8
Ke6 41. Ra8 Bb5 42. Rb8 Ba6 43. Kd2 Rd7 44. Re8+ Kf7 45. Ra8 Bb5 46. Rcc8 Ke6
47. Rg8 Kf5 48. g4+ hxg4 49. fxg4+ Kxg4 50. Rxg6+ Kf5 51. h5 Re7 52. Rf8 Re6
53. Rg7 Re8 54. Rxe8 Bxe8 55. h6 Bg6 56. Rxa7 Ke6 57. h7 Bxh7 58. Rxh7 Kf5 59.
Rb7 Ke6 60. b4 Kf5 61. Rxb6 Ke6 62. b5 Kd7 63. Rc6 f5 64. Rc1 Ke6 65. b6 f4 66.
b7 Kf5 67. b8=Q Ke4 68. Qe8+ Kf3 69. Qh5+ Kf2 70. Qe2+ Kg3 71. Rg1+ Kh3 72.
Qh5# {Beadle checkmated} 1-0

[Event "ICS rated standard match"]
[Site "204.178.125.65"]
[Date "1999.11.22"]
[Round "?"]
[White "inmichess"]
[Black "Hossa"]
[Result "1-0"]
[WhiteElo "2101"]
[BlackElo "2300"]
[PlyCount "49"]
[EventDate "1999.??.??"]

1. e4 g6 2. d4 d6 3. c4 Bg7 4. Nf3 Nd7 5. Be2 e5 6. dxe5 Nxe5 7. Nc3 Nxf3+ 8.
Bxf3 Ne7 9. Bg5 h6 10. Be3 Bxc3+ 11. bxc3 f5 12. O-O Qd7 13. Re1 a5 14. exf5
Qxf5 15. Qd2 a4 16. Bxh6 Ra5 17. Bg7 Rh7 18. Bd4 b6 19. a3 Kf7 20. Re2 Bd7 21.
Rae1 Ng8 22. c5 dxc5 23. Re5 cxd4 24. Rxf5+ Bxf5 25. Qxd4 {Hossa resigns} 1-0

[Event "ICS rated standard match"]
[Site "204.178.125.65"]
[Date "1999.11.22"]
[Round "?"]
[White "Hossa"]
[Black "inmichess"]
[Result "0-1"]
[WhiteElo "2297"]
[BlackElo "2254"]
[PlyCount "137"]
[EventDate "1999.??.??"]

1. d4 Nf6 2. c4 Nc6 3. Nf3 d6 4. Nc3 e5 5. dxe5 dxe5 6. Qxd8+ Kxd8 7. Ng5 Ke7
8. Nb5 h6 9. Nxc7 Rb8 10. Nh3 Nb4 11. Kd1 Bxh3 12. gxh3 Rd8+ 13. Nd5+ Nbxd5 14.
cxd5 Nxd5 15. Kc2 f5 16. e4 fxe4 17. Bg2 Kf7 18. Bxe4 Bc5 19. Rf1 Rhf8 20. Kb1
Kg8 21. f3 Rd7 22. Re1 Nf4 23. a4 b6 24. Ra2 Nxh3 25. a5 Nf4 26. axb6 Bxb6 27.
b3 Bd4 28. Rd2 Rfd8 29. Ba3 Nd5 30. Bf5 Rb7 31. Be6+ Kh7 32. Ka2 Rbb8 33. Bxd5
Rxd5 34. Re4 Ra5 35. Rd3 g5 36. Rd2 Rc8 37. b4 Ra6 38. Rd3 Rc2+ 39. Kb3 Rxh2
40. b5 Rf6 41. Be7 Rb6 42. Ka4 Ra2+ 43. Kb3 Ra5 44. Kc4 Raxb5 45. Rd2 a5 46.
Bd6 Kg6 47. Ra2 Kf5 48. Bf8 h5 49. Be7 g4 50. Bf8 Bb2 51. Re3 g3 52. Re1 Kf4
53. Bc5 Rb7 54. Re4+ Kxf3 55. Re3+ Kf4 56. Re1 Kg4 57. Ra4 h4 58. Re4+ Kh3 59.
Re1 g2 60. Re3+ Kh2 61. Re2 h3 62. Rd2 Bd4 63. Bd6 Kh1 64. Rd1+ g1=Q 65. Rxg1+
Kxg1 66. Ra3 Kg2 67. Bxe5 Bxe5 68. Ra2+ Bb2 69. Kd3 {Hossa resigns} 0-1

[Event "ICS rated blitz match"]
[Site "204.178.125.65"]
[Date "1999.11.22"]
[Round "?"]
[White "MissSilicon"]
[Black "Hossa"]
[Result "1-0"]
[WhiteElo "2635"]
[BlackElo "2319"]
[PlyCount "185"]
[EventDate "1999.??.??"]

1. d4 Nf6 2. c4 Nc6 3. d5 Ne5 4. e4 Ng6 5. Nc3 e5 6. dxe6 fxe6 7. Bd3 Bb4 8.
Nge2 O-O 9. Bg5 h6 10. Be3 Ng4 11. O-O Nxe3 12. fxe3 Rxf1+ 13. Qxf1 Qf8 14.
Qxf8+ Nxf8 15. e5 h5 16. Rf1 h4 17. Nb5 Ba5 18. Rf4 a6 19. Nbd4 h3 20. Nb3 Be1
21. gxh3 b6 22. Ned4 Bb4 23. Be4 Rb8 24. h4 a5 25. a3 Be7 26. Nb5 Bd8 27. Rg4
Ba6 28. h5 Kh8 29. Bd3 a4 30. N3d4 Bb7 31. Nc3 Ra8 32. Bc2 Ra5 33. Ndb5 Bc6 34.
Bxa4 Nh7 35. h4 Bf3 36. Rd4 Bc6 37. Bc2 Nf8 38. Rf4 Kg8 39. b4 Ra6 40. Nb1 Bb7
41. e4 Nh7 42. Rg4 Kh8 43. a4 Nf8 44. Rf4 Kg8 45. Kf2 Bc6 46. Ke2 Ra8 47. N1c3
Bb7 48. Rg4 Kh8 49. Na2 Kh7 50. Rf4 Kg8 51. Nc1 Ba6 52. Rg4 Kh7 53. Bd1 Rc8 54.
Nd3 Ra8 55. Rf4 Kg8 56. Bc2 Nh7 57. Rg4 Kh8 58. Nf4 Rb8 59. Na3 Bb7 60. Rg1 Nf8
61. Ng6+ Nxg6 62. hxg6 Be7 63. Rb1 c6 64. h5 Kg8 65. Rb2 Bc8 66. Nb1 Rb7 67.
Ke3 c5 68. b5 Bg5+ 69. Kf3 Ra7 70. Nc3 Bd2 71. Ne2 Ra5 72. Rb3 Ra8 73. Rd3 Bg5
74. Kg4 Be7 75. Nf4 Ra5 76. Nh3 Ra7 77. Ng5 Ra5 78. Nf7 Ra8 79. h6 gxh6 80.
Nxh6+ Kg7 81. Kh5 Bb7 82. Rxd7 Re8 83. Rxb7 Kf8 84. Ng4 Kg7 85. Nf6 Rh8+ 86.
Kg5 Re8 87. Bd1 Kh8 88. Kh6 Bxf6 89. exf6 Rf8 90. g7+ Kg8 91. f7+ Rxf7 92. Rb8+
Rf8 93. gxf8=Q# {Hossa checkmated} 1-0